Disney World World Showcase But on a World Map - Statistics

General Stats
  • This quiz has been taken 160 times
  • The average score is 10 of 11
Answers on the Map
Answers color-coded by a green-red scale on the quiz's map according to % correct below.
 
Answer Stats
Answer % Correct
Canada
96%
China
96%
Morocco
96%
Italy
95%
Japan
95%
Norway
95%
Mexico
94%
United Kingdom
94%
France
92%
United States
92%
Germany
89%
No matching quizzes found
Score Distribution
Percent of People with Each Score
Percentile by Number Answered
Your Score History
You have not taken this quiz